LIBRARY ONLINE CATALOGUE

Sexually transmitted diseases and HIV/AIDS / (Record no. 10249)

MARC details
000 -LEADER
fixed length control field 00720nam a22002292 4500
001 - CONTROL NUMBER
control field 0000024387
005 - DATE AND TIME OF LATEST TRANSACTION
control field 20151217152301.0
008 - FIXED-LENGTH DATA ELEMENTS--GENERAL INFORMATION
fixed length control field 130910s xx 000 0 eng d
020 ## - INTERNATIONAL STANDARD BOOK NUMBER
International Standard Book Number 8130912042 :
040 ## - CATALOGING SOURCE
Original cataloging agency KABU
Transcribing agency KABU
245 10 - TITLE STATEMENT
Title Sexually transmitted diseases and HIV/AIDS /
Statement of responsibility, etc. editor-in-chief, Vinod K. Sharma.
250 ## - EDITION STATEMENT
Edition statement 1st ed.
260 ## - PUBLICATION, DISTRIBUTION, ETC. (IMPRINT)
Place of publication, distribution, etc. New Delhi :
Name of publisher, distributor, etc. Viva Books,
Date of publication, distribution, etc. 2009.
300 ## - PHYSICAL DESCRIPTION
Extent xxviii, 908 p.
650 #0 - SUBJECT ADDED ENTRY--TOPICAL TERM
Topical term or geographic name as entry element Sexually transmitted diseases.
-- 0000184437
650 #0 - SUBJECT ADDED ENTRY--TOPICAL TERM
Topical term or geographic name as entry element HIV infections.
-- 0000156920
650 #0 - SUBJECT ADDED ENTRY--TOPICAL TERM
Topical term or geographic name as entry element AIDS (Disease)
-- 0000148458
700 1# - ADDED ENTRY--PERSONAL NAME
Personal name Sharma, Vinod K.
-- 0000184438
852 1# - LOCATION
-- p4531 KES
908 ## - PUT COMMAND PARAMETER (RLIN)
Put command parameter 130910
950 ## - LOCAL HOLDINGS (RLIN)
-- 1
Holdings
Withdrawn status Lost status Source of classification or shelving scheme Not for loan Home library Current library Date acquired Total Checkouts Full call number Barcode Date last seen Date last checked out Price effective from Koha item type
    Library of Congress Classification   Kabarak, Main Campus Kabarak, Main Campus 17/12/2015 2 RC200 .S49 2009 c. 1 016095 18/06/2019 17/06/2019 17/12/2015 General Collection